[Event "London Classic FIDE Open"]
[Site "London ENG"]
[Date "2011.12.03"]
[Round "1"]
[White "Duncan, Patrick C M"]
[Black "Forsa, Elise"]
[Result "1-0"]
[WhiteElo "2125"]
[BlackElo "1728"]
[WhiteFideId "405787"]
[BlackFideId "1500163"]
[EventDate "2011.12.03"]

1. b3 Nf6 2. Bb2 e6 3. Nf3 d5 4. e3 b6 5. Ne5 Bb7 6. f4 c6 7. Bd3 Qc8 8. O-O Ne4
9. Qh5 g6 10. Qf3 Bg7 11. Bxe4 dxe4 12. Qxe4 Nd7 13. Nc4 Kf8 14. Bxg7+ Kxg7 15.
Nd6 Qc7 16. Nxb7 Qxb7 17. Qd4+ Kg8 18. d3 Qc7 19. Nd2 Rd8 20. Ne4 e5 21. fxe5
Qxe5 22. Qxe5 Nxe5 23. Rf6 c5 24. Raf1 Kg7 25. Ng5 Rhf8 26. h3 h6 27. Ne4 Rde8
28. a4 Re7 29. a5 Rb8 30. Nd6 Rc7 31. axb6 axb6 32. d4 cxd4 33. exd4 Nc6 34.
Rxf7+ Rxf7 35. Rxf7+ Kg8 36. Rf4 Rd8 37. Nb5 Kg7 38. Re4 Kf7 39. c4 Na5 40. Re3
Nb7 41. Kf2 Rd7 42. Ke2 Nd8 43. d5 h5 44. g3 Kf8 45. Kf3 Kf7 46. Ke4 Nb7 47. b4
Nd6+ 48. Nxd6+ Rxd6 49. Kd4 Rd7 50. c5 bxc5+ 51. bxc5 Ra7 52. d6 Ra1 53. d7 Rd1+
54. Rd3 Rxd3+ 55. Kxd3 Ke7 56. c6 1-0

[Event "London Classic FIDE Open"]
[Site "London ENG"]
[Date "2011.12.03"]
[Round "1"]
[White "Haddock, Paul"]
[Black "Mareckova, Martina"]
[Result "1/2-1/2"]
[WhiteElo "1695"]
[BlackElo "2123"]
[WhiteFideId "419150"]
[BlackFideId "327930"]
[EventDate "2011.12.03"]

1. e4 e5 2. Nf3 Nc6 3. Bc4 Bc5 4. O-O d6 5. c3 Bb6 6. d3 Nf6 7. Bb3 h6 8. Be3
Be6 9. Bxb6 axb6 10. Bxe6 fxe6 11. Nbd2 Qe7 12. Qe2 O-O 13. a3 Nh5 14. g3 Qf7
15. d4 exd4 16. Nxd4 Rae8 17. f4 Nf6 18. Rf2 e5 19. fxe5 Nxe5 20. Raf1 d5 21.
exd5 Qxd5 22. Qb5 Qxb5 23. Nxb5 Re7 24. Ne4 Neg4 25. Nxf6+ Nxf6 26. Nd4 Nd7 27.
Rxf8+ Nxf8 28. Kf2 Nd7 29. Re1 Ne5 30. Kg2 Kf7 31. b3 Kf6 32. Nf3 Nd3 33. Rxe7
Kxe7 34. Nd4 Nc1 35. b4 c5 36. Nf5+ Kf6 37. Nd6 cxb4 38. cxb4 Nd3 39. Kf3 Ne1+
40. Ke4 Ke6 41. Nxb7 Nc2 42. Nd8+ Kd7 43. Nf7 Ke6 44. Ne5 Nxa3 45. Nd3 Nc2 46.
h3 g6 47. Nf4+ Kf7 48. Nd5 1/2-1/2

[Event "London Classic FIDE Open"]
[Site "London ENG"]
[Date "2011.12.03"]
[Round "1"]
[White "Torner Planell, Josep Ramon"]
[Black "Zygourakis, Themistoklis"]
[Result "1-0"]
[WhiteElo "2123"]
[BlackElo "1688"]
[WhiteFideId "2219174"]
[BlackFideId "4215141"]
[EventDate "2011.12.03"]

1. e4 e6 2. d4 d5 3. Nc3 Nf6 4. Bg5 dxe4 5. Nxe4 Be7 6. Bxf6 Bxf6 7. Nf3 Nd7 8.
Bd3 c5 9. O-O O-O 10. c3 cxd4 11. Nxd4 Be7 12. Qe2 Nf6 13. Ng5 h6 14. Ngf3 Nd5
15. Bc2 Bd7 16. Rad1 Qc7 17. Ne5 Bd6 18. Ndf3 Bc6 19. Qd3 f5 20. Rfe1 Bxe5 21.
Nxe5 Rad8 22. Qc4 Rf6 23. Nxc6 bxc6 24. Qd4 Re8 25. Qe5 Qxe5 26. Rxe5 Kf7 27.
Ba4 Rc8 28. Bb3 Re8 29. c4 Nb6 30. Rd6 Rc8 31. f4 Ke7 32. Rd1 Rd8 33. Rxd8 Kxd8
34. c5 Nd5 35. Bxd5 exd5 36. Kf2 Kd7 37. Re3 Rf7 38. Ra3 Ke6 39. Ra6 Rc7 40. Ke3
Kf6 41. Kd3 Ke6 42. b4 Kd7 43. Kd4 Kc8 44. a4 Kb7 45. b5 Rc8 46. Ra5 Re8 47.
bxc6+ Kxc6 48. Ra6+ Kb7 49. Rg6 Re4+ 50. Kxd5 Rxa4 51. Rxg7+ Kc8 52. g3 Ra2 53.
h4 Ra3 54. Ke6 Ra5 55. Kd6 Ra6+ 56. c6 1-0

[Event "London Classic FIDE Open"]
[Site "London ENG"]
[Date "2011.12.03"]
[Round "1"]
[White "Pattni, Kishan"]
[Black "McKenna, Jason P"]
[Result "0-1"]
[WhiteElo "1687"]
[BlackElo "2110"]
[WhiteFideId "420751"]
[BlackFideId "403857"]
[EventDate "2011.12.03"]

1. b3 Nf6 2. Bb2 d5 3. e3 Bf5 4. f4 e6 5. Nf3 Bd6 6. Bd3 Bxd3 7. cxd3 Nc6 8. Ne5
Bxe5 9. Bxe5 Nb4 10. d4 Nd3+ 11. Ke2 Ne4 12. Qc2 Nb4 13. Qxc7 Qh4 14. Qxb7 Qg4+ 0-1

[Event "London Classic FIDE Open"]
[Site "London ENG"]
[Date "2011.12.03"]
[Round "1"]
[White "Melcon Diez, Enrique"]
[Black "Skutta, Bernd"]
[Result "0-1"]
[WhiteElo "1632"]
[BlackElo "2098"]
[WhiteFideId "32043180"]
[BlackFideId "4666950"]
[EventDate "2011.12.03"]

1. c4 e5 2. Nc3 Nc6 3. Nf3 Nf6 4. g3 Bc5 5. Bg2 O-O 6. O-O d6 7. d3 h6 8. Na4
Be6 9. e3 Qd7 10. d4 exd4 11. exd4 Nxd4 12. Nxc5 dxc5 13. Ne5 Qc8 14. Re1 Rd8
15. b3 Bf5 16. Nd3 c6 17. Bf1 Bg4 18. Be2 Bxe2 19. Rxe2 Qg4 20. Kf1 Qh3+ 21. Ke1
Nf3# 0-1

[Event "London Classic FIDE Open"]
[Site "London ENG"]
[Date "2011.12.03"]
[Round "1"]
[White "Whitehead, David J"]
[Black "Miu, Marinel"]
[Result "1/2-1/2"]
[WhiteElo "2079"]
[BlackElo "1609"]
[WhiteFideId "406813"]
[BlackFideId "1220691"]
[EventDate "2011.12.03"]

1. e4 d6 2. d4 e5 3. dxe5 dxe5 4. Qxd8+ Kxd8 5. Bc4 Be6 6. Bxe6 fxe6 7. Be3 Nf6
8. f3 Bd6 9. Nc3 a6 10. O-O-O Ke7 11. Nge2 b5 12. Rhf1 c5 13. g3 Nc6 14. Kb1
Rac8 15. Bg5 h6 16. Bxf6+ gxf6 17. f4 Nd4 18. Nxd4 cxd4 19. Ne2 b4 20. fxe5 fxe5
21. Rf3 Rhf8 22. Rdf1 Rxf3 23. Rxf3 a5 24. Kc1 a4 25. Kd2 Rb8 26. Nc1 Rc8 27.
Nd3 Ra8 28. Nc1 1/2-1/2

[Event "London Classic FIDE Open"]
[Site "London ENG"]
[Date "2011.12.03"]
[Round "1"]
[White "Steinhart, Roel"]
[Black "Barton, R Alan"]
[Result "0-1"]
[WhiteElo "1594"]
[BlackElo "2073"]
[WhiteFideId "1040146"]
[BlackFideId "404233"]
[EventDate "2011.12.03"]

1. e4 b6 2. Bc4 e6 3. d3 Bb7 4. Bf4 Nf6 5. c3 Be7 6. Bg5 O-O 7. Nd2 d5 8. Bb3
dxe4 9. Bxf6 Bxf6 10. Nxe4 Be7 11. Nf3 c5 12. h4 Bxe4 13. dxe4 Qxd1+ 14. Rxd1
Nc6 15. Ba4 Na5 16. Rd7 Bf6 17. e5 Bd8 18. Nd2 a6 19. b4 cxb4 20. cxb4 b5 21.
Bd1 Nc6 22. Bf3 Rc8 23. Bxc6 Rxc6 24. Nb3 Rc2 25. Rd2 Rxd2 26. Nxd2 Be7 27. a3
Rc8 28. Rh3 h5 29. Ne4 Rc4 30. Ng5 Rg4 31. Rc3 Bxg5 32. Rc8+ Kh7 33. hxg5 Rxg5 0-1

[Event "London Classic FIDE Open"]
[Site "London ENG"]
[Date "2011.12.03"]
[Round "1"]
[White "Mikalsen, Erlend"]
[Black "Andreev, Peter"]
[Result "0-1"]
[WhiteElo "2063"]
[BlackElo "1914"]
[WhiteFideId "1507338"]
[BlackFideId "406350"]
[EventDate "2011.12.03"]

1. e4 c5 2. Nf3 Nc6 3. Bb5 g6 4. O-O Bg7 5. Re1 Nf6 6. Nc3 Ng4 7. Bxc6 dxc6 8.
e5 O-O 9. d3 Nh6 10. h3 Nf5 11. Ne4 b6 12. c3 Qd5 13. g4 Nh6 14. c4 Qd8 15. Bf4
f5 16. exf6 exf6 17. Nd6 Nf7 18. Nxc8 Rxc8 19. d4 f5 20. gxf5 cxd4 21. fxg6 hxg6
22. Qd3 Qf6 23. Re4 Rcd8 24. Rae1 Nd6 25. Bxd6 Rxd6 26. Kg2 Qf5 27. R1e2 g5 28.
Nh2 Be5 29. c5 Rd5 30. Ng4 Bg7 31. cxb6 axb6 32. Qc4 d3 33. Rd2 b5 34. Ne3 Qf3+ 0-1

[Event "London Classic FIDE Open"]
[Site "London ENG"]
[Date "2011.12.04"]
[Round "2"]
[White "Gupta, Abhijeet"]
[Black "Wallace, Paul"]
[Result "1-0"]
[WhiteTitle "GM"]
[WhiteElo "2640"]
[BlackElo "2229"]
[WhiteFideId "5010608"]
[BlackFideId "2500892"]
[EventDate "2011.12.03"]

1. d4 Nf6 2. c4 g6 3. Nc3 Bg7 4. e4 d6 5. f3 O-O 6. Nge2 c5 7. d5 e6 8. Ng3 Re8
9. Be2 exd5 10. cxd5 h5 11. Bg5 Qb6 12. Qd2 Nh7 13. Bh4 Nd7 14. Nf1 Ne5 15.
O-O-O Qa5 16. Ne3 Bh6 17. Rdf1 b5 18. f4 b4 19. Nb5 Bd7 20. Nxd6 Qxa2 21. fxe5
c4 22. Bxc4 Rac8 23. Kd1 Rxc4 24. Ndxc4 Bb5 25. Qxb4 Bxc4 26. Qxc4 Qxb2 27. Rf2
Qa1+ 28. Ke2 Qxh1 29. d6 Rf8 30. Nf1 g5 31. e6 gxh4 32. e7 Ng5 33. exf8=Q+ Bxf8
34. d7 h3 35. d8=Q 1-0

[Event "London Classic FIDE Open"]
[Site "London ENG"]
[Date "2011.12.04"]
[Round "2"]
[White "Arvola, Benjamin"]
[Black "Jones, Gawain C B"]
[Result "0-1"]
[BlackTitle "GM"]
[WhiteElo "2232"]
[BlackElo "2635"]
[WhiteFideId "1506536"]
[BlackFideId "409561"]
[EventDate "2011.12.03"]

1. e4 e5 2. Nf3 Nc6 3. Bb5 a6 4. Ba4 Nf6 5. O-O Be7 6. Re1 b5 7. Bb3 d6 8. c3
O-O 9. h3 Nb8 10. a4 Bb7 11. d3 Nbd7 12. axb5 axb5 13. Rxa8 Bxa8 14. Na3 Qb8 15.
Nh4 g6 16. Bh6 Re8 17. Nf3 Bf8 18. Bxf8 Kxf8 19. Ba2 d5 20. Qb3 Kg7 21. Qxb5 Qa7
22. Bxd5 Rb8 23. Qc4 Rxb2 24. d4 Nxd5 25. exd5 Qxa3 26. Qxc7 Bxd5 27. Qxd7 Bxf3
28. dxe5 Qxc3 29. Re3 Qc1+ 30. Kh2 Bc6 31. Qd4 Rxf2 32. e6+ f6 33. Qa7+ Kh6 34.
Rg3 Qf4 0-1

[Event "London Classic FIDE Open"]
[Site "London ENG"]
[Date "2011.12.04"]
[Round "2"]
[White "Tikkanen, Hans"]
[Black "Britton, Richard L"]
[Result "0-1"]
[WhiteTitle "GM"]
[BlackTitle "FM"]
[WhiteElo "2586"]
[BlackElo "2219"]
[WhiteFideId "1706446"]
[BlackFideId "401692"]
[EventDate "2011.12.03"]

1. d4 Nf6 2. c4 g6 3. Nc3 Bg7 4. e4 d6 5. Be2 O-O 6. Nf3 e5 7. O-O Nc6 8. d5 Ne7
9. Ne1 Ne8 10. Be3 f5 11. f3 f4 12. Bf2 g5 13. c5 Ng6 14. a4 Rf7 15. cxd6 cxd6
16. Nb5 a6 17. Na3 Nf6 18. Qd3 h5 19. Nc4 g4 20. Qb3 g3 21. hxg3 fxg3 22. Bxg3
h4 23. Qb6 Qe7 24. Bh2 Bf8 25. Nd3 Rg7 26. Rfc1 Nh5 27. Qf2 Ngf4 28. Nxf4 exf4
29. Nb6 Bh3 30. Nxa8 Rxg2+ 31. Qxg2+ Bxg2 32. Kxg2 Qg7+ 33. Kf2 Qxb2 34. Rab1
Qd4+ 35. Ke1 Ng3 36. Rc2 Qxa4 37. Bd1 b5 38. Bg1 Qa5+ 39. Kf2 Bg7 40. Kg2 Qe1
41. e5 Bxe5 42. Rc8+ Kg7 43. Rc7+ Kf6 44. Bc2 Qe2+ 45. Kh3 Qxf3 46. Rb3 Qf1+ 0-1

[Event "London Classic FIDE Open"]
[Site "London ENG"]
[Date "2011.12.04"]
[Round "2"]
[White "Ledger, Dave J"]
[Black "Berg, Emanuel"]
[Result "0-1"]
[WhiteTitle "FM"]
[BlackTitle "GM"]
[WhiteElo "2228"]
[BlackElo "2566"]
[WhiteFideId "401986"]
[BlackFideId "1704060"]
[EventDate "2011.12.03"]

1. e4 e6 2. d4 d5 3. Nc3 Bb4 4. e5 c5 5. a3 Bxc3+ 6. bxc3 Ne7 7. Qg4 cxd4 8.
Qxg7 Rg8 9. Qxh7 Qc7 10. Ne2 Nbc6 11. f4 dxc3 12. Qd3 d4 13. Rg1 Qb6 14. Ng3 Bd7
15. Ne4 O-O-O 16. Nd6+ Kb8 17. Nc4 Qc5 18. Rb1 Na5 19. Nd6 Bc6 20. Nxf7 Rdf8 21.
Ng5 Rxg5 22. fxg5 Qxe5+ 23. Be2 Be4 24. Rb5 Qxh2 25. Qxd4 Nac6 26. Qe3 Bxg2 27.
Rxg2 Qxg2 28. Qxc3 Qg1+ 29. Kd2 Rd8+ 30. Bd3 Nd4 31. Rxb7+ Kxb7 32. Qb4+ Ka8 33.
Qxe7 Nf3+ 34. Ke2 Nd4+ 35. Kd2 Qf2+ 36. Kd1 Qf3+ 37. Ke1 Qg3+ 38. Kf1 Qh3+ 39.
Ke1 Qg3+ 40. Kf1 Qf3+ 41. Ke1 Rh8 42. Kd2 Nb5 43. Bh7 Qf2+ 44. Kd3 Qd4+ 45. Ke2
Nc3+ 46. Kf3 Qd1+ 47. Kg3 Qg1+ 48. Kf3 Qh1+ 49. Kg4 Qd1+ 50. Kg3 Qxc1 51. g6
Qe3+ 0-1

[Event "London Classic FIDE Open"]
[Site "London ENG"]
[Date "2011.12.04"]
[Round "2"]
[White "Pert, Nicholas"]
[Black "Thingstad, Even"]
[Result "1-0"]
[WhiteTitle "GM"]
[WhiteElo "2563"]
[BlackElo "2213"]
[WhiteFideId "403989"]
[BlackFideId "1506439"]
[EventDate "2011.12.03"]

1. Nf3 Nf6 2. g3 d5 3. Bg2 c6 4. c4 Bf5 5. cxd5 cxd5 6. Qb3 Qb6 7. Nc3 e6 8. d3
Nc6 9. Qxb6 axb6 10. O-O Bg4 11. Bd2 Bc5 12. h3 Bxf3 13. Bxf3 Ke7 14. Bg2 Rhc8
15. Rfc1 Nd7 16. Kf1 Bd4 17. e3 Be5 18. d4 Bd6 19. Nb5 Nf6 20. Nxd6 Kxd6 21. f3
Kd7 22. Ke1 Ne8 23. Bf1 Nd6 24. Kd1 Na5 25. b3 Rxc1+ 26. Rxc1 Rc8 27. Rxc8 Kxc8
28. g4 Nc6 29. Kc2 Kd7 30. Kc3 Kc7 31. Bd3 f5 32. Be1 g6 33. Bg3 Kd7 34. a4 Na5
35. Bb5+ Nc6 36. Be2 Na5 37. Bd3 Kc6 38. Kb4 Kd7 39. Kc3 Nc6 40. Be2 Ne7 41. Bf1
Nc6 42. g5 Nf7 43. Bf4 Nd6 44. b4 Ke7 45. Be2 Kd7 46. Bd3 Ke7 47. b5 Na5 48.
Bxd6+ Kxd6 49. h4 Kd7 50. e4 Ke7 51. Bf1 Kd6 52. Bd3 Ke7 53. h5 fxe4 54. hxg6
hxg6 55. fxe4 Kf7 56. exd5 exd5 57. Bb1 Nc4 58. Ba2 Ne3 59. Kd3 Nc4 60. Bxc4
dxc4+ 61. Kxc4 Ke6 62. Kc3 Kf5 63. Kb4 Kxg5 64. a5 bxa5+ 65. Kxa5 Kf5 66. Kb6 g5
67. Kxb7 g4 68. d5 g3 69. d6 Ke6 70. Kc6 g2 71. d7 g1=Q 72. d8=Q Qc1+ 73. Kb7
Qh1+ 74. Ka6 Qa1+ 75. Qa5 Qf1 76. Qc3 Kf5 77. Ka5 Kg4 78. b6 Qf5+ 79. Ka6 Qf1+
80. Ka7 Qf2 81. Qb3 Qd4 82. Ka6 Qd6 83. Kb5 Qd7+ 84. Ka5 Qd8 85. Qc3 Kh4 86. Qf3
Qd6 87. b7 Qc5+ 88. Ka4 Qc4+ 89. Ka3 Qc5+ 90. Ka2 Qc2+ 91. Ka3 Qc5+ 92. Kb2 Qd4+
93. Qc3 Qb6+ 94. Qb3 Qd4+ 95. Ka3 Qa1+ 96. Kb4 Qe1+ 97. Ka4 Qa1+ 98. Kb5 Qe5+
99. Kb4 Qd6+ 100. Kb5 Qe5+ 101. Kc6 Qf6+ 102. Kc5 Qe7+ 103. Kb6 Qd8+ 104. Ka6
Qd6+ 105. Qb6 Qa3+ 106. Qa5 Qd6+ 107. Ka7 Qd7 108. Qc3 Qe7 109. Qc4+ Kg3 110.
Qd3+ Kg2 111. Ka8 Qe8+ 112. b8=Q Qa4+ 113. Qa7 Qe8+ 114. Kb7 Qf7+ 115. Kb8 Qe8+
116. Kc7 Qf7+ 117. Qd7 Qf4+ 118. Kb7 1-0

[Event "London Classic FIDE Open"]
[Site "London ENG"]
[Date "2011.12.04"]
[Round "2"]
[White "White, Michael J R"]
[Black "Cornette, Matthieu"]
[Result "0-1"]
[WhiteTitle "FM"]
[BlackTitle "GM"]
[WhiteElo "2214"]
[BlackElo "2548"]
[WhiteFideId "407380"]
[BlackFideId "620084"]
[EventDate "2011.12.03"]

1. e4 c5 2. Nc3 Nc6 3. g3 g6 4. Bg2 Bg7 5. d3 d6 6. Be3 Nh6 7. h3 f5 8. Qd2 Nf7
9. Nge2 Nd4 10. O-O O-O 11. f4 Bd7 12. Rab1 Bc6 13. a3 Qd7 14. b4 b6 15. b5 Bb7
16. a4 e5 17. Nc1 Rae8 18. fxe5 Nxe5 19. Nb3 fxe4 20. Bxd4 cxd4 21. Nxe4 d5 22.
Nf2 Nf3+ 23. Bxf3 Rxf3 24. Kg2 Ree3 25. Nh1 Bc8 26. Rxf3 Qxh3+ 27. Kg1 Rxf3 28.
Qg5 Be6 29. Re1 Bh6 30. Qd8+ Rf8 31. Qe7 Be3+ 0-1

[Event "London Classic FIDE Open"]
[Site "London ENG"]
[Date "2011.12.04"]
[Round "2"]
[White "Hillarp Persson, Tiger"]
[Black "Player, Edmund C"]
[Result "1/2-1/2"]
[WhiteTitle "GM"]
[WhiteElo "2530"]
[BlackElo "2199"]
[WhiteFideId "1700812"]
[BlackFideId "406520"]
[EventDate "2011.12.03"]

1. g3 d5 2. Bg2 Nf6 3. d3 e6 4. f4 c5 5. Nf3 Nc6 6. O-O Be7 7. c3 O-O 8. Qe1 Qc7
9. e4 dxe4 10. dxe4 e5 11. Na3 b6 12. fxe5 Ng4 13. Bf4 Ngxe5 14. Nxe5 Nxe5 15.
Nc4 Bd6 16. Nxd6 Qxd6 17. Rd1 Qe6 18. Rd5 Ng6 19. Qd2 Bb7 20. c4 f6 21. e5 fxe5
22. Rd6 Qc8 23. Be3 Rxf1+ 24. Bxf1 Qf5 25. Rd8+ Rxd8 26. Qxd8+ Qf8 27. Bg5 h6
28. Qxf8+ Nxf8 29. Be7 Kf7 30. Bd6 Nd7 31. Bh3 Ke8 32. Kf2 Be4 33. Ke3 Bb1 34.
a3 a6 35. Bg2 Ba2 36. Bc6 Bxc4 37. Bxe5 g6 38. Bc7 Ke7 39. a4 Bb3 40. Kd2 Be6
41. Bb7 Bb3 42. Bc6 Be6 43. Kc3 Bg4 44. h4 Bh3 45. Bf4 h5 46. Be4 Kf7 47. Bd3
Nf6 48. Bxa6 Nd5+ 49. Kb3 Nxf4 50. gxf4 Kf6 51. a5 bxa5 52. Ka4 Bd7+ 53. Kxa5
Kf5 54. Bd3+ Kxf4 55. Bxg6 Kg4 56. Kb6 c4 57. Bf7 Kxh4 58. Bxc4 Kg3 59. Kc7 Ba4
60. b4 h4 61. b5 Bxb5 1/2-1/2

[Event "London Classic FIDE Open"]
[Site "London ENG"]
[Date "2011.12.04"]
[Round "2"]
[White "Surendran, N."]
[Black "Hebden, Mark L"]
[Result "0-1"]
[BlackTitle "GM"]
[WhiteElo "2207"]
[BlackElo "2515"]
[WhiteFideId "5021243"]
[BlackFideId "400084"]
[EventDate "2011.12.03"]

1. d4 Nf6 2. Nf3 g6 3. g3 Bg7 4. Bg2 O-O 5. O-O d6 6. c4 Nc6 7. Nc3 Rb8 8. h3 a6
9. e4 b5 10. e5 Nd7 11. e6 fxe6 12. d5 Na7 13. Nd4 Nb6 14. cxb5 exd5 15. Nxd5
axb5 16. Bg5 Nxd5 17. Bxd5+ Kh8 18. Re1 Bf6 19. Bh6 Bxh3 20. Kh2 c5 21. Ne6 Bxe6
22. Rxe6 Bxb2 23. Qe1 Rf5 24. Rb1 Bf6 25. Qd2 Bd4 0-1

[Event "London Classic FIDE Open"]
[Site "London ENG"]
[Date "2011.12.04"]
[Round "2"]
[White "Grover, Sahaj"]
[Black "O'Toole, George E"]
[Result "1-0"]
[WhiteTitle "IM"]
[WhiteElo "2515"]
[BlackElo "2189"]
[WhiteFideId "5021103"]
[BlackFideId "412732"]
[EventDate "2011.12.03"]

1. e4 e5 2. Nf3 Nf6 3. Nxe5 d6 4. Nf3 Nxe4 5. Nc3 Nxc3 6. dxc3 Be7 7. Bf4 Nc6 8.
Qd2 Be6 9. O-O-O Qd7 10. Kb1 a6 11. Be2 h6 12. h4 Bf6 13. Nd4 Nxd4 14. cxd4 Qa4
15. a3 O-O-O 16. g4 Be7 17. d5 Bd7 18. Qe3 Bf6 19. Qa7 Bb5 20. Bxb5 Qxb5 21. Bc1
g6 22. Rh3 Qb6 23. Qxb6 cxb6 24. h5 Bg7 25. a4 Rde8 26. Rf3 Rhf8 27. Rh1 Re4 28.
g5 hxg5 29. hxg6 fxg6 30. Rxf8+ Bxf8 31. Rh8 Re8 32. Bxg5 Kd7 33. Rh7+ Be7 34.
Rg7 Kd8 35. Be3 b5 36. axb5 axb5 37. Rxg6 Rf8 38. Rg4 Rf5 39. Rd4 Bg5 40. f4 Bf6
41. Rd2 Rh5 42. Ka2 Rh3 43. Rd3 Rh2 44. Kb3 Kd7 45. Bd2 Rh1 46. c3 Rb1 47. Rh3
Rd1 48. Rh7+ Kc8 49. Kc2 Rf1 50. Kd3 b4 51. cxb4 Bxb2 52. Ke4 Rd1 53. Be3 Re1
54. Kd3 Ba3 55. b5 Rb1 56. b6 Rd1+ 57. Ke4 Re1 58. Rc7+ Kb8 59. f5 Bc5 60. Rxc5
dxc5 61. f6 1-0

[Event "London Classic FIDE Open"]
[Site "London ENG"]
[Date "2011.12.04"]
[Round "2"]
[White "Jetzl, Joerg"]
[Black "Wells, Peter K"]
[Result "0-1"]
[BlackTitle "GM"]
[WhiteElo "2196"]
[BlackElo "2492"]
[WhiteFideId "1601172"]
[BlackFideId "400327"]
[EventDate "2011.12.03"]

1. d4 Nf6 2. Nf3 d5 3. c4 e6 4. g3 Bb4+ 5. Bd2 Be7 6. Bg2 c6 7. Qc2 Nbd7 8. O-O
O-O 9. Rd1 b6 10. Bf4 Ba6 11. b3 Rc8 12. Nc3 dxc4 13. Ne5 Nxe5 14. dxe5 Nd5 15.
e4 Nb4 16. Qe2 cxb3 17. Qg4 b2 18. Bh6 g6 19. Rab1 Qc7 20. Bxf8 Bxf8 21. Qg5 Nd3
22. Bf1 Nxe5 23. Qf4 Bxf1 24. Kxf1 Bd6 25. Rxb2 Nd3 0-1

[Event "London Classic FIDE Open"]
[Site "London ENG"]
[Date "2011.12.04"]
[Round "2"]
[White "Mohammad Ashraf"]
[Black "Das, Arghyadip"]
[Result "0-1"]
[BlackTitle "IM"]
[WhiteElo "2188"]
[BlackElo "2470"]
[WhiteFideId "5066263"]
[BlackFideId "5003610"]
[EventDate "2011.12.03"]

1. d4 g6 2. Nf3 Bg7 3. e4 d6 4. Bc4 c6 5. O-O d5 6. Bb3 Bg4 7. h3 Bxf3 8. Qxf3
e6 9. exd5 cxd5 10. c4 Nc6 11. cxd5 Nxd4 12. Ba4+ Kf8 13. Qa3+ Ne7 14. Nc3 exd5
15. Re1 Ne6 16. Bg5 Nxg5 17. Nxd5 Qxd5 18. Bb3 Qd8 19. Rad1 Qc7 20. Rc1 Qd8 21.
Rcd1 Bd4 22. Rxd4 Qxd4 23. Qxe7+ Kg7 24. Qxg5 Rhe8 25. Rd1 Qf6 26. Qb5 Rad8 27.
Rxd8 Re1+ 0-1

[Event "London Classic FIDE Open"]
[Site "London ENG"]
[Date "2011.12.04"]
[Round "2"]
[White "Hunt, Adam C"]
[Black "Ethelontis, Alexandros N"]
[Result "1-0"]
[WhiteTitle "IM"]
[WhiteElo "2458"]
[BlackElo "2186"]
[WhiteFideId "403970"]
[BlackFideId "405469"]
[EventDate "2011.12.03"]

1. e4 e6 2. d4 d5 3. Nc3 Bb4 4. e5 c5 5. a3 Bxc3+ 6. bxc3 Ne7 7. a4 Qa5 8. Bd2
Nbc6 9. Nf3 Bd7 10. Bb5 Qc7 11. O-O O-O 12. Re1 b6 13. Bd3 Ng6 14. Ng5 h6 15.
Nh3 cxd4 16. cxd4 Rac8 17. Qg4 Nce7 18. Nf4 Nxf4 19. Bxf4 Nf5 20. Bd2 f6 21. Bb4
Rf7 22. Qg6 fxe5 23. dxe5 a5 24. Ba3 Be8 25. Qxe6 Ne7 26. Bxe7 Bd7 27. Qd6 Bc6
28. Qxc7 Rxc7 29. Bd6 Rc8 30. e6 Rf6 31. Be5 Rff8 32. e7 Rf7 33. Bd4 g6 34. Bxg6
Rf4 35. Bxb6 Be8 36. Bxe8 Rxe8 37. Bxa5 1-0

[Event "London Classic FIDE Open"]
[Site "London ENG"]
[Date "2011.12.04"]
[Round "2"]
[White "Harari, Zaki"]
[Black "Pert, Richard G"]
[Result "0-1"]
[BlackTitle "IM"]
[WhiteElo "2180"]
[BlackElo "2455"]
[WhiteFideId "2002639"]
[BlackFideId "404748"]
[EventDate "2011.12.03"]

1. e4 c5 2. Nf3 d6 3. d4 cxd4 4. Qxd4 Nc6 5. Bb5 Bd7 6. Bxc6 Bxc6 7. c4 Nf6 8.
Nc3 g6 9. O-O Bg7 10. Qd3 O-O 11. Bd2 Nd7 12. Rfe1 Nc5 13. Qc2 Rc8 14. Rac1 a6
15. b4 Ne6 16. Qd3 Qe8 17. Nd5 f6 18. Be3 Qf7 19. Bb6 Bh6 20. Be3 Bxe3 21. Qxe3
Ng7 22. Nb6 Rcd8 23. a4 f5 24. e5 f4 25. Qb3 Bxf3 26. Qxf3 dxe5 27. Rxe5 Qf6 28.
Rce1 Qxb6 29. Rxe7 Qxb4 30. Qe4 Rfe8 31. Rxe8+ Rxe8 32. Qd5+ Kf8 33. Rxe8+ Nxe8
34. g3 fxg3 35. hxg3 Qe1+ 36. Kg2 Qe7 37. Qd4 Nf6 38. Qb6 Kg7 39. c5 Qd7 40. Qb4
h5 41. Kg1 Kh7 42. Qf4 Qe7 0-1

[Event "London Classic FIDE Open"]
[Site "London ENG"]
[Date "2011.12.04"]
[Round "2"]
[White "Chevelevitch, Evgueni"]
[Black "Maduekwe, Chiedu"]
[Result "1-0"]
[WhiteTitle "IM"]
[WhiteElo "2435"]
[BlackElo "2180"]
[WhiteFideId "4684257"]
[BlackFideId "8500118"]
[EventDate "2011.12.03"]

1. e4 e6 2. d4 d5 3. Nd2 c5 4. Ngf3 cxd4 5. Nxd4 Nc6 6. Bb5 Bd7 7. Nxc6 Bxc6 8.
Bxc6+ bxc6 9. O-O Nf6 10. Qe2 Bc5 11. e5 Nd7 12. Nf3 O-O 13. b3 a5 14. Bd2 a4
15. b4 Ba7 16. c4 Nb6 17. c5 Nc4 18. Bc3 Bb8 19. Rfe1 Bc7 20. Rad1 Qb8 21. Rd4
f5 22. exf6 Rxf6 23. Rxc4 Rxf3 24. Qxe6+ Rf7 25. Rg4 Kf8 26. Bxg7+ 1-0

[Event "London Classic FIDE Open"]
[Site "London ENG"]
[Date "2011.12.04"]
[Round "2"]
[White "Summerscale, Aaron P"]
[Black "Spivack, Simon S Y"]
[Result "1-0"]
[WhiteTitle "GM"]
[WhiteElo "2422"]
[BlackElo "2175"]
[WhiteFideId "400980"]
[BlackFideId "404780"]
[EventDate "2011.12.03"]

1. d4 c5 2. c3 cxd4 3. cxd4 d5 4. Nf3 Nc6 5. Nc3 Nf6 6. Bf4 e6 7. e3 Be7 8. Bd3
a6 9. Rc1 O-O 10. O-O Bd7 11. Na4 Ne4 12. Bxe4 dxe4 13. Nd2 e5 14. dxe5 Nb4 15.
Nc3 Nd3 16. Rb1 f5 17. exf6 Bxf6 18. Bd6 Bxc3 19. bxc3 Re8 20. Nxe4 Bc6 21. Qxd3
Bxe4 22. Qc4+ Kh8 23. Rbd1 Rc8 24. Qb4 Qg5 25. Bg3 h5 26. h4 Qf5 27. Rd6 b5 28.
f3 Bc6 29. e4 Qf7 30. Rf2 Kg8 31. Qd4 Re6 32. Rd2 a5 33. Rxe6 Qxe6 34. Qb6 a4
35. Rd6 Qc4 36. Qa6 Be8 37. Be5 Bf7 38. a3 Re8 39. Bd4 Qe2 40. Bf2 Qc4 41. Qa5
Kh7 42. Rd7 Qb3 43. Qc7 Kg8 44. Bd4 Qd1+ 45. Kh2 1-0